90's Songs by Lyrics #1 - Statistics

General Stats
  • This quiz has been taken 852 times
  • The average score is 6 of 15
Answer Stats
Lyrics Song % Correct
Life in plastic, it's fantastic Barbie Girl
85%
Where did you come from? Where did you go? Cotton Eye Joe
63%
And I don't want to world to see me. 'Cause I don't think that they'd understand Iris
62%
A little bit of Monica in my life, a little bit of Erica by my side Mambo No. 5
60%
Here we are now, entertain us Smells Like Teen Spirit
56%
I don't care if Monday's blue. Tuesday's grey and Wednesday too Friday I'm In Love
51%
Love me, love me. Say that you love me Lovefool
51%
There are many things that I would like to say to you, but I don't know how Wonderwall
50%
Don't wanna close my eyes. I don't wanna fall asleep I Don't Want to Miss a Thing
36%
I want to ride it all night long Life Is A Highway
28%
I wonder how, I wonder why Lemon Tree
24%
I don't care what they say about us anyway Buddy Holly
17%
Hell is gone and heaven's here. There's nothing left for you to fear Let Me Entertain you
17%
Gotta question for you, better answer now, yeah Everybody (Backstreet's Back)
10%
Turn the music up to hear that sound Let's Get Loud
4%
No matching quizzes found
Score Distribution
Percent of People with Each Score
Percentile by Number Answered
Your Score History
You have not taken this quiz